| 000 | 00579nam a2200205 a 4500 | ||
|---|---|---|---|
| 001 | 1952397 | ||
| 003 | AM-YEHGA | ||
| 005 | 20250617164842.0 | ||
| 008 | 240521s2022 ai a||||||||||00||0|arm|d | ||
| 020 | _a9789939837413 | ||
| 040 | _aAM-YeHGA | ||
| 041 | 0 | _aeng | |
| 100 | 1 | _aKetibian, Ara | |
| 245 | 1 | 4 |
_aThe Genocide of the Ottoman Greeks : _bReports from the U.S. Press (1913-1922) / _cAra Ketibian. |
| 260 |
_aYerevan : _b Areg Publishing House, _c2022. |
||
| 300 |
_aXX, 555 p. : _bill. |
||
| 650 | 1 | 4 |
_aGreeks _xGenocide _zTurkey |
| 942 |
_2udc _cBK |
||
| 090 | _c569376 | ||
| 999 |
_c530667 _d530667 |
||